Εθνικής μουσικής περιήγησις 1901-1912 : ελληνικά μουσικά περιοδικά ως πηγή έρευνας της ιστορίας της νεοελληνικής μουσικής
Αποθηκεύτηκε σε:
| Κύριος συγγραφέας: | |
|---|---|
| Μορφή: | Βιβλίο |
| Γλώσσα: | Greek |
| Δημοσίευση: |
[Αθήνα] :
Κουλτούρα,
1996
|
| Θέματα: | |
| Ετικέτες: |
Προσθήκη ετικέτας
Δεν υπάρχουν, Καταχωρήστε ετικέτα πρώτοι!
|
MARC
| LEADER | 00000nam a2200000 i 4500 | ||
|---|---|---|---|
| 001 | 1/8469 | ||
| 008 | 961104s1996 gre d | ||
| 020 | |a 960-8431-01-8 | ||
| 035 | |l 10017105 | ||
| 040 | |a GR-MY-UA |b gre |e aacr | ||
| 041 | 0 | |a gre | |
| 082 | 0 | |a 780.05 | |
| 100 | 1 | |a Ρωμανού, Καίτη. | |
| 245 | 1 | 0 | |a Εθνικής μουσικής περιήγησις 1901-1912 : |b ελληνικά μουσικά περιοδικά ως πηγή έρευνας της ιστορίας της νεοελληνικής μουσικής / |c Καίτη Ρωμανού |
| 260 | |a [Αθήνα] : |b Κουλτούρα, |c 1996 | ||
| 300 | |a 363 σ. | ||
| 504 | |a Περιέχει ευρετήριο | ||
| 650 | 0 | 0 | |a Music |z Greece |x History and criticism. |
| 650 | 0 | 0 | |a Music |z Greece |x Periodicals |x History. |
| 650 | 0 | 0 | |a Music |z Greece |x Periodicals |x Indexes. |
| 650 | 0 | 0 | |a Greek periodicals |z Greece |x History |y 20th century. |
| 852 | |a INST |b LESVOS |e 19961104 |h 780.05 ΡΩΜ |p 005100012640 |q 005100012640 |t BK |y 0 |z τ.2 | ||
| 852 | |a INST |b LESVOS |e 19961104 |h 780.05 ΡΩΜ |p 005100012641 |q 005100012641 |t BK |y 0 |z τ.1 | ||
| 852 | |a INST |b LESVOS |e 19961104 |h 780.05 ΡΩΜ |p 005100012640 |q 005100012640 |t BK |v τ.2: |y 0 |z τ.2 | ||
| 852 | |a INST |b LESVOS |e 19961104 |h 780.05 ΡΩΜ |p 005100012641 |q 005100012641 |t BK |v τ.1: |y 0 |z τ.1 | ||
| 853 | |a INST |b LESVOS |h 780.05 ΡΩΜ | ||
| 909 | |a Λ |b 048724 | ||
| 909 | |a Λ |b 048725 | ||